Football : Équipe de France Euro 2024 - Statistiques

Statistiques générales
  • Ce quiz a été pris 515 fois
  • Le résultat moyen est 23 sur 25
Statistiques - réponses
Club Poste Joueur % Correct
PSG Ailier Mbappé
97%
PSG Ailier Dembélé
96%
Al-Ittihad Milieu défensif Kanté
96%
FC Barcelone Latéral droit Koundé
96%
Ac Milan Gardien Maignan
96%
Real Madrid Milieu Camavinga
95%
Atletico Madrid Milieu offensif Griezmann
94%
Ac Milan Latéral gauche Hernandez
94%
Ac Milan Attaquant de pointe Giroud
93%
Real Madrid Milieu défensif Tchouaméni
93%
Bayern Munich Défenseur central Upamecano
93%
Arsenal Défenseur central Saliba
92%
Inter Milan Attaquant de pointe Thuram
92%
Juventus Milieu Rabiot
91%
PSG Attaquant de pointe Kolo Muani
90%
Inter Milan Défenseur central Pavard
90%
West Ham Gardien Areola
89%
PSG Ailier Barcola
89%
Bayern Munich Ailier Coman
88%
RC Lens Gardien Samba
88%
Real Madrid Latéral gauche Mendy
87%
Liverpool Défenseur central Konaté
85%
OM Latéral droit Clauss
82%
PSG Milieu Zaïre-Emery
79%
AS Monaco Milieu Fofana
75%
Aucun quiz correspondant
Distribution des résultats
% des personnes avec chaque résultat
Percentile par nombre de réponses
Votre historique - résultats
Vous n’avez pas pris ce quiz